000
00470nam a2200133Ia 4500
008
100328s9999 xx 000 0 und d
082
_b
29644
100
_a
फडके माुसूदन
245
_a
मधुच्छंद (कवितासंग्रह)
260
_b
उल्हास
630
_a
मधुच्छंद (कवितासंग्रह)
730
_a
मधुच्छंद (कवितासंग्रह)
942
_c
BOOK
999
_c
520660
_d
520657